| 000 | 00698cam a22002412 4500 | ||
|---|---|---|---|
| 001 | 0000001673 | ||
| 005 | 20151217151824.0 | ||
| 008 | 070321s xx 000 0 eng d | ||
| 020 |
_a0324186266 : _cKES 6,398 |
||
| 040 |
_aKABU _cKABU |
||
| 050 | 0 |
_aHD30.28 _b.M33 2004 |
|
| 100 | 1 |
_aMadura, Jeff. _@0000150616 |
|
| 245 | 1 | 0 | _aIntroduction to business. |
| 250 | _a3rd ed. | ||
| 260 |
_aMason, Ohio : _bSouth-Western, _c2004. |
||
| 300 | _axxxv, 716 p. | ||
| 500 | _aWith Business plan package. | ||
| 650 | 0 |
_aBusiness planning. _@0000150583 |
|
| 650 | 0 |
_aIndustrial management. _@0000149957 |
|
| 908 | _a070321 | ||
| 950 | _@1 | ||
| 999 |
_c5380 _d5380 |
||